000 00802nab a2200241 u 4500
001 10261
003 HDC
007 cr bn ---aaaaa
008 210104c mydr|noo 0 a may d
040 _aHDC
100 _aHasimi Muhamad
_eauthor
_910489
245 0 _aKeraguan Status Halal Kopi Starbucks Dinafi
_cby Hasimi Muhamad
260 _a[No place] :
_bNew Straits Times,
_c[no year]
336 _atext
_2rdacontent
337 _acomputer
_2rdamedia
338 _aonline resource
_2rdacarrier
650 _aHalal issues
_91644
650 _aHalal status
_9540
856 _zRequest full-text at [email protected]
942 _2lcc
942 _cNEWS
942 _kNWSO 000423
999 _c7584
_d7584